Indo-German Exchanges in Education: (Record no. 183352)

MARC details
000 -LEADER
fixed length control field 00668 a2200193 4500
005 - DATE AND TIME OF LATEST TRANSACTION
control field 20211223143830.0
010 ## - LCCN (DPL NO)
LC control number ENG-130555
020 ## - INTERNATIONAL STANDARD BOOK NUMBER
International Standard Book Number 978-0-19-012627-8
Terms of availability 1295.00
035 ## - SYSTEM CONTROL NUMBER
System control number EN-114087
037 ## - SOURCE OF ACQUISITION
Source of stock number/acquisition DBAD/PUB
082 ## - DEWEY DECIMAL CLASSIFICATION NUMBER
Classification number 371.04
Item number 1
100 ## - MAIN ENTRY--PERSONAL NAME
Personal name Kampchen, Martin
245 ## - TITLE STATEMENT
Title Indo-German Exchanges in Education:
Remainder of title Rabindranath Tagore Meets Paul And Edith Geheeb/
Statement of responsibility, etc Martin Kampchen
250 ## - EDITION STATEMENT
Edition statement 2020
260 ## - PUBLICATION, DISTRIBUTION, ETC. (IMPRINT)
Place of publication, distribution, etc New Delhi
Name of publisher, distributor, etc Oxford University Press
Date of publication, distribution, etc 2020
270 ## - ADDRESS
Address 22 Workspace, 2nd Floor, 1/22 Asaf Ali Road
City New Delhi
Postal code 110002
300 ## - PHYSICAL DESCRIPTION
Extent vii-xi 200p.
Dimensions 22cm (pbk)
Other physical details Bibliography, Index
942 ## - ADDED ENTRY ELEMENTS (KOHA)
Institution code [OBSOLETE] dpl
Item type English Books
Source of classification or shelving scheme Dewey Decimal Classification
Classification part 371.04
Call number suffix KAM
Holdings
Withdrawn status Lost status Not for loan Collection code Home library Current library Date acquired Source of acquisition Cost, normal purchase price Full call number Barcode Copy number Cost, replacement price Koha item type
      Non-fiction Patel Nagar Patel Nagar 23/12/2021 DBAD/PUB 1295.00 371.04 KAM EN-114087 1 1295.00 English Books

© Delhi Public Library
Hit Counter
free hit counter